Guess Country Based on Stereotypes - Statistics

General Stats
  • This quiz has been taken 2,338 times
  • The average score is 20 of 25
Answer Stats
Stereotypes Country % Correct
MafiaPasta Pizza Italy
99%
Anime Japan
99%
TeaBiscuits Royalty United Kingdom/Great Britain
99%
GunsLoud and Obnoxious Dumb United States of America
98%
CurryCall Center Scams Dirty India
94%
VodkaOrganized Crime Gambling Russia
91%
PyramidsDesert Egypt
88%
TacosGardeners Drug Cartels Mexico
87%
Koala BearsBoomerangs Kangaroos Australia
85%
Maple Syrup HockeyPolite Canada
85%
Eating cats and dogsFake products Panda Bears China
83%
IkeaMeatballs Sweden
80%
BeachesJungle Soccer Brazil
78%
Vikings Norway
78%
AlcoholicsLeprechauns Green Ireland
74%
TerroristsCamels Women have no rights Saudi Arabia
74%
CommunistsBallistic Missiles Dictator North Korea
72%
KiwisRugby New Zealand
71%
CigarsSocialists Beaches Cuba
70%
CheeseNeutrality Switzerland
70%
KebabCats Turkey
70%
LlamasPan Flute Machu Picchu Peru
69%
Apartheid/Racism Diamonds Vuvuzelas South Africa
59%
TangoSteak Argentina
50%
Pirates Somalia
49%
No matching quizzes found
Score Distribution
Percent of People with Each Score
Percentile by Number Answered
Your Score History
You have not taken this quiz